000
00324pab a2200121 454500
008
180718b xxu||||| |||| 00| 0 eng d
100
_a
Sharma, R.K.
245
_a
Slow - down of urbanisation in India a cause for concern
650
_a
Urbanisation
650
_a
Cities and Towns
773
_a
Financial Express
909
_a
22524
999
_c
22524
_d
22524